UBT Library

Cardiac arrhythmias in the neonate, infant, and child / (Record no. 46958)

000 -LEADER
fixed length control field 00700pam a2200229 i 4500
001 - CONTROL NUMBER
control field 3666606
005 - DATE AND TIME OF LATEST TRANSACTION
control field 20180809051629.0
008 - FIXED-LENGTH DATA ELEMENTS--GENERAL INFORMATION
fixed length control field 770609s1977 nyua b 001 0 eng
010 ## - LIBRARY OF CONGRESS CONTROL NUMBER
LC control number 77022260
020 ## - INTERNATIONAL STANDARD BOOK NUMBER
International Standard Book Number 0838510388
040 ## - CATALOGING SOURCE
Original cataloging agency DLC
Transcribing agency DLC
Modifying agency DLC
041 ## - LANGUAGE CODE
Language code of text/sound track or separate title eng
060 ## - NATIONAL LIBRARY OF MEDICINE CALL NUMBER
Classification number WG330 C2674
080 ## - UNIVERSAL DECIMAL CLASSIFICATION NUMBER
Universal Decimal Classification number 618.921 ROB
082 00 - DEWEY DECIMAL CLASSIFICATION NUMBER
Classification number 618.921 ROB
100 ## - Rafti
Rafti 7
101 ## - Shkurtesa
Shkurtesa KAR
245 00 - TITLE STATEMENT
Title Cardiac arrhythmias in the neonate, infant, and child /
Statement of responsibility, etc edited by Nigel K. Roberts, Henry Gelband ; forewords by Sidney Blumenthal, Brian F. Hoffman.
504 ## - BIBLIOGRAPHY, ETC. NOTE
Bibliography, etc Includes bibliographical references and index.
906 ## - LOCAL DATA ELEMENT F, LDF (RLIN)
a 7
b cbc
c orignew
d 1
e ocip
f 19
g y-gencatlg
942 ## - ADDED ENTRY ELEMENTS (KOHA)
Source of classification or shelving scheme
Item type Books
Holdings
Withdrawn status Lost status Source of classification or shelving scheme Damaged status Not for loan Collection code Permanent location Current location Shelving location Date acquired Total Checkouts Full call number Barcode Date last seen Price effective from Koha item type
          Koleksioni i përgjithshem UBT - Lipjan UBT - Lipjan Koleksioni i përgjithshem 08/09/2018   618.921 ROB 002-3010754 08/09/2018 08/09/2018 Books
UBT Library © 2015-2024. All rights reserved University Education for Business and Technology